000
00292nam a22001097a 4500
008
240719b |||||||| |||| 00| 0 eng d
100
_a
Ranbir
_9
17259
245
_a
Hemkunt Ka Mushafer:
_b
Guru Govind Singh
260
_b
Guru Govind singh Foundation
_a
Chandigarh:
_c
-
300
_a
-
942
_c
BK
999
_c
38887
_d
38887